[Event "Deutsche Ländermeisterschaft 2022"]
[Site "Wiesbaden GER"]
[Date "2022.10.02"]
[Round "4"]
[White "Prinzen, Siri Marleen"]
[Black "Trunz, Michelle"]
[Result "1/2-1/2"]
[Termination "normal"]
[Board "1.7"]
[WhiteElo "1719"]
[BlackElo "1821"]
[WhiteClock "00:15:35"]
[BlackClock "00:08:17"]
[WhiteTeam "Bayern"]
[BlackTeam "Nordrhein-Westfalen"]
[PlyCount "136"]
[WhiteFideId "16265912"]
[BlackFideId "16227980"]
[EventCountry "GER"]
[EventRounds "7"]
[EventType "team-swiss"]
[EventDate "2022.09.30"]

1. d4 {[%clk 1:30:58]} f5 {[%clk 1:30:56]} 2. h3 {[%clk 1:31:17]} Nf6 {[%clk
1:30:39]} 3. g4 {[%clk 1:31:23]} d5 {[%clk 1:29:42]} 4. Nc3 {[%clk 1:30:41]}
fxg4 {[%clk 1:28:32]} 5. Bf4 {[%clk 1:30:42]} c5 {[%clk 1:22:48]} 6. e3 {[%clk
1:27:28]} Nc6 {[%clk 1:22:13]} 7. Nb5 {[%clk 1:22:48]} Kf7 {[%clk 1:11:08]} 8.
Nc3 {[%clk 1:06:09]} Bf5 {[%clk 1:05:01]} 9. hxg4 {[%clk 1:01:48]} Bxg4 {[%clk
1:05:16]} 10. f3 {[%clk 1:01:19]} Bf5 {[%clk 1:00:49]} 11. Bd3 {[%clk 0:53:28]}
Bxd3 {[%clk 1:00:56]} 12. Qxd3 {[%clk 0:53:43]} cxd4 {[%clk 0:58:16]} 13. exd4
{[%clk 0:53:34]} Qb6 {[%clk 0:55:52]} 14. O-O-O {[%clk 0:50:50]} Nb4 {[%clk
0:53:49]} 15. Qe3 {[%clk 0:49:43]} Qe6 {[%clk 0:47:14]} 16. Qxe6+ {[%clk
0:43:51]} Kxe6 {[%clk 0:47:38]} 17. Nh3 {[%clk 0:43:24]} Kd7 {[%clk 0:47:05]}
18. Ng5 {[%clk 0:42:49]} g6 {[%clk 0:45:04]} 19. Be5 {[%clk 0:40:45]} h6 {[%clk
0:42:53]} 20. Nh3 {[%clk 0:37:50]} Bg7 {[%clk 0:39:47]} 21. a3 {[%clk 0:37:27]}
Nc6 {[%clk 0:40:01]} 22. Nxd5 {[%clk 0:36:40]} Rhg8 {[%clk 0:36:30]} 23. Bxf6
{[%clk 0:35:09]} Bxf6 {[%clk 0:34:23]} 24. Nxf6+ {[%clk 0:35:19]} exf6 {[%clk
0:34:49]} 25. Nf4 {[%clk 0:35:23]} h5 {[%clk 0:33:28]} 26. Rhg1 {[%clk
0:34:39]} Ne7 {[%clk 0:33:15]} 27. Rg2 {[%clk 0:34:02]} h4 {[%clk 0:32:44]} 28.
Nd3 {[%clk 0:31:30]} b6 {[%clk 0:31:27]} 29. Rh2 {[%clk 0:27:45]} Nf5 {[%clk
0:28:07]} 30. Nf4 {[%clk 0:26:47]} Rae8 {[%clk 0:23:21]} 31. Nd5 {[%clk
0:24:32]} Re6 {[%clk 0:22:14]} 32. Nf4 {[%clk 0:19:04]} Rd6 {[%clk 0:20:35]}
33. c3 {[%clk 0:18:38]} g5 {[%clk 0:20:08]} 34. Ng2 {[%clk 0:16:44]} Re6 {[%clk
0:18:26]} 35. Rd2 {[%clk 0:12:59]} Rge8 {[%clk 0:17:05]} 36. f4 {[%clk
0:11:07]} Ng3 {[%clk 0:13:25]} 37. Rh3 {[%clk 0:08:17]} Re2 {[%clk 0:13:18]}
38. Rxe2 {[%clk 0:08:01]} Rxe2 {[%clk 0:13:24]} 39. Nxh4 {[%clk 0:08:21]} gxh4
{[%clk 0:13:31]} 40. Rxh4 {[%clk 0:08:44]} f5 {[%clk 0:06:00]} 41. Rh3 {[%clk
0:06:29]} Re3 {[%clk 0:04:34]} 42. Kd1 {[%clk 0:04:28]} b5 {[%clk 0:30:04]} 43.
Rh7+ {[%clk 0:32:23]} Re7 {[%clk 0:30:05]} 44. Rh6 {[%clk 0:31:44]} Kc7 {[%clk
0:28:52]} 45. Rg6 {[%clk 0:30:49]} Ne4 {[%clk 0:24:54]} 46. Rh6 {[%clk
0:29:12]} Nd6 {[%clk 0:24:30]} 47. b3 {[%clk 0:27:51]} Re3 {[%clk 0:21:25]} 48.
Kd2 {[%clk 0:27:45]} Rf3 {[%clk 0:21:29]} 49. Rh7+ {[%clk 0:25:32]} Kb6 {[%clk
0:21:15]} 50. Rh6 {[%clk 0:25:50]} Kc6 {[%clk 0:20:58]} 51. c4 {[%clk 0:25:14]}
bxc4 {[%clk 0:21:23]} 52. bxc4 {[%clk 0:25:39]} Rxf4 {[%clk 0:21:04]} 53. Ke3
{[%clk 0:25:49]} Re4+ {[%clk 0:21:12]} 54. Kd3 {[%clk 0:25:52]} Kd7 {[%clk
0:20:59]} 55. a4 {[%clk 0:24:14]} Re6 {[%clk 0:20:39]} 56. Rh7+ {[%clk
0:24:06]} Re7 {[%clk 0:21:03]} 57. Rh6 {[%clk 0:24:23]} Rg7 {[%clk 0:19:25]}
58. Kc3 {[%clk 0:22:36]} a5 {[%clk 0:19:23]} 59. c5 {[%clk 0:22:16]} Rg3+
{[%clk 0:19:22]} 60. Kc2 {[%clk 0:21:52]} Nc4 {[%clk 0:19:33]} 61. d5 {[%clk
0:20:27]} Ne3+ {[%clk 0:19:18]} 62. Kd2 {[%clk 0:20:24]} Nc4+ {[%clk 0:18:40]}
63. Kc2 {[%clk 0:20:32]} f4 {[%clk 0:15:10]} 64. Rh7+ {[%clk 0:20:20]} Kd8
{[%clk 0:14:46]} 65. Rh8+ {[%clk 0:16:48]} Kd7 {[%clk 0:13:00]} 66. Rh7+ {[%clk
0:17:11]} Ke8 {[%clk 0:13:07]} 67. d6 {[%clk 0:15:43]} Ne3+ {[%clk 0:09:32]}
68. Kd2 {[%clk 0:15:35]} Nc4+ {[%clk 0:08:17]} 1/2-1/2

[Event "Deutsche Ländermeisterschaft 2022"]
[Site "Wiesbaden GER"]
[Date "2022.10.02"]
[Round "4"]
[White "Trunz, Tamila"]
[Black "Schwarzfischer, Julia"]
[Result "1-0"]
[Termination "normal"]
[Board "1.8"]
[WhiteElo "1521"]
[BlackElo "1256"]
[WhiteClock "00:12:14"]
[BlackClock "00:28:11"]
[WhiteTeam "Nordrhein-Westfalen"]
[BlackTeam "Bayern"]
[PlyCount "129"]
[WhiteFideId "16267885"]
[BlackFideId "16268105"]
[EventCountry "GER"]
[EventRounds "7"]
[EventType "team-swiss"]
[EventDate "2022.09.30"]

1. e4 {[%clk 1:30:58]} e5 {[%clk 1:30:54]} 2. Nf3 {[%clk 1:31:22]} Nc6 {[%clk
1:31:18]} 3. Bc4 {[%clk 1:31:43]} d6 {[%clk 1:31:39]} 4. d3 {[%clk 1:31:48]} h6
{[%clk 1:31:58]} 5. Nbd2 {[%clk 1:31:35]} a6 {[%clk 1:32:13]} 6. c3 {[%clk
1:31:14]} Nf6 {[%clk 1:31:03]} 7. Qe2 {[%clk 1:31:21]} Na5 {[%clk 1:31:00]} 8.
Bb3 {[%clk 1:31:01]} Nxb3 {[%clk 1:31:00]} 9. axb3 {[%clk 1:31:20]} Qe7 {[%clk
1:30:17]} 10. Nf1 {[%clk 1:31:13]} g5 {[%clk 1:30:07]} 11. Ng3 {[%clk 1:30:57]}
Rg8 {[%clk 1:28:35]} 12. Be3 d5 {[%clk 1:24:50]} 13. b4 {[%clk 1:22:23]} b6 14.
Bd2 {[%clk 1:21:52]} g4 {[%clk 1:19:03]} 15. Nh4 {[%clk 1:21:13]} h5 {[%clk
1:07:31]} 16. O-O {[%clk 1:13:01]} dxe4 {[%clk 1:06:38]} 17. dxe4 {[%clk
1:09:49]} Bb7 {[%clk 1:04:30]} 18. Nhf5 {[%clk 1:09:41]} Qe6 {[%clk 1:03:04]}
19. b5 Nxe4 {[%clk 0:46:29]} 20. Nxe4 {[%clk 1:03:54]} Qxf5 {[%clk 0:46:27]}
21. Ng3 Qe6 {[%clk 0:45:52]} 22. bxa6 {[%clk 1:04:04]} Bd5 23. Rfe1 {[%clk
0:56:02]} Bd6 {[%clk 0:44:03]} 24. Nxh5 {[%clk 0:51:39]} Kd7 25. Qb5+ {[%clk
0:45:57]} Bc6 {[%clk 0:41:52]} 26. Qd3 Rh8 {[%clk 0:40:07]} 27. Ng7 {[%clk
0:44:31]} Qf6 {[%clk 0:38:52]} 28. Qf5+ {[%clk 0:42:56]} Qxf5 {[%clk 0:39:10]}
29. Nxf5 {[%clk 0:43:22]} Rh7 {[%clk 0:37:19]} 30. Nh6 {[%clk 0:42:28]} g3
{[%clk 0:35:03]} 31. fxg3 {[%clk 0:39:04]} Bc5+ {[%clk 0:35:16]} 32. Kh1 {[%clk
0:38:15]} Rah8 {[%clk 0:33:27]} 33. Ng4 {[%clk 0:38:14]} Kc8 {[%clk 0:32:21]}
34. a7 {[%clk 0:35:25]} Ba8 {[%clk 0:32:28]} 35. b4 {[%clk 0:31:45]} Bd6 {[%clk
0:31:28]} 36. Kg1 {[%clk 0:23:51]} f5 37. Nh6 f4 {[%clk 0:30:56]} 38. Ng4
{[%clk 0:21:20]} fxg3 {[%clk 0:29:16]} 39. hxg3 {[%clk 0:20:06]} e4 {[%clk
0:25:56]} 40. Bf4 {[%clk 0:19:25]} Bxf4 {[%clk 0:24:20]} 41. gxf4 {[%clk
0:19:42]} Rh4 {[%clk 0:23:56]} 42. Ne5 {[%clk 0:19:44]} Rg8 {[%clk 0:23:37]}
43. Rxe4 {[%clk 0:16:10]} Rxg2+ {[%clk 0:23:14]} 44. Kxg2 {[%clk 0:16:25]}
Bxe4+ {[%clk 0:23:41]} 45. Kg3 {[%clk 0:16:34]} Rh1 {[%clk 0:23:21]} 46. a8=Q+
{[%clk 0:16:34]} Bxa8 {[%clk 0:23:48]} 47. Rxa8+ {[%clk 0:16:53]} Kb7 {[%clk
0:24:16]} 48. Ra2 {[%clk 0:17:01]} Rc1 {[%clk 0:24:36]} 49. Rf2 {[%clk
0:17:09]} Rxc3+ {[%clk 0:25:00]} 50. Kg4 {[%clk 0:17:16]} Rb3 {[%clk 0:25:22]}
51. Kg5 {[%clk 0:14:16]} Rxb4 {[%clk 0:25:33]} 52. f5 {[%clk 0:14:39]} Re4
{[%clk 0:25:36]} 53. Ng6 {[%clk 0:13:35]} b5 {[%clk 0:25:37]} 54. f6 {[%clk
0:13:37]} Re8 55. f7 {[%clk 0:13:20]} Rd8 {[%clk 0:26:27]} 56. Re2 {[%clk
0:12:58]} Rd5+ 57. Re5 {[%clk 0:12:36]} Rd8 {[%clk 0:26:34]} 58. Rxb5+ {[%clk
0:12:48]} Kc6 {[%clk 0:26:43]} 59. Rf5 {[%clk 0:12:41]} Kb6 {[%clk 0:26:53]}
60. f8=Q {[%clk 0:12:34]} Rxf8 {[%clk 0:27:20]} 61. Rxf8 {[%clk 0:12:04]} c5
{[%clk 0:27:37]} 62. Rc8 {[%clk 0:12:04]} Kb5 {[%clk 0:28:03]} 63. Ne5 {[%clk
0:11:57]} Kb4 {[%clk 0:28:24]} 64. Nd3+ {[%clk 0:12:00]} Kb5 {[%clk 0:28:11]}
65. Rxc5+ {[%clk 0:12:14]} 1-0

[Event "Deutsche Ländermeisterschaft 2022"]
[Site "Wiesbaden GER"]
[Date "2022.10.02"]
[Round "4"]
[White "Boder, Jan"]
[Black "Petrovskiy, Vadim"]
[Result "0-1"]
[Termination "normal"]
[Board "2.1"]
[WhiteTitle "FM"]
[BlackTitle "FM"]
[WhiteElo "2341"]
[BlackElo "2320"]
[WhiteClock "00:24:26"]
[BlackClock "00:26:12"]
[WhiteTeam "Rheinland-Pfalz"]
[BlackTeam "Hessen"]
[PlyCount "68"]
[WhiteFideId "16243226"]
[BlackFideId "14165210"]
[EventCountry "GER"]
[EventRounds "7"]
[EventType "team-swiss"]
[EventDate "2022.09.30"]

1. b3 {[%clk 1:30:44]} d5 {[%clk 1:28:28]} 2. Bb2 {[%clk 1:30:35]} c5 {[%clk
1:28:50]} 3. e3 {[%clk 1:30:57]} a6 {[%clk 1:29:03]} 4. Nf3 {[%clk 1:30:29]}
Nc6 {[%clk 1:29:10]} 5. c4 {[%clk 1:30:32]} Nf6 {[%clk 1:28:30]} 6. Be2 {[%clk
1:28:50]} d4 {[%clk 1:27:36]} 7. exd4 {[%clk 1:27:01]} cxd4 {[%clk 1:27:50]} 8.
d3 {[%clk 1:27:10]} e5 {[%clk 1:28:03]} 9. O-O {[%clk 1:27:25]} Be7 {[%clk
1:27:00]} 10. Na3 {[%clk 1:21:52]} O-O {[%clk 1:26:06]} 11. Nc2 {[%clk
1:22:15]} Re8 {[%clk 1:24:39]} 12. a3 {[%clk 1:19:06]} b5 {[%clk 1:23:28]} 13.
Nd2 {[%clk 1:17:21]} Bf5 {[%clk 1:20:48]} 14. Bf3 {[%clk 1:15:20]} Rc8 {[%clk
1:20:35]} 15. cxb5 {[%clk 1:06:04]} axb5 {[%clk 1:21:00]} 16. Ne4 {[%clk
1:06:27]} Nd5 {[%clk 1:13:52]} 17. b4 {[%clk 1:04:22]} Bg6 {[%clk 1:01:15]} 18.
Re1 {[%clk 1:02:11]} Nb8 {[%clk 0:57:33]} 19. Ng3 {[%clk 0:56:41]} Nf4 {[%clk
0:49:52]} 20. Be4 {[%clk 0:55:50]} Nd7 {[%clk 0:49:01]} 21. Rc1 {[%clk
0:53:36]} Nb6 {[%clk 0:38:11]} 22. Qf3 {[%clk 0:47:10]} Na4 {[%clk 0:32:07]}
23. Ba1 {[%clk 0:44:55]} Bg5 {[%clk 0:31:21]} 24. Red1 {[%clk 0:29:34]} Ne6
{[%clk 0:26:19]} 25. Bc6 {[%clk 0:29:17]} Bxc1 {[%clk 0:26:27]} 26. Bxb5 {[%clk
0:28:51]} Rxc2 {[%clk 0:26:36]} 27. Bxa4 {[%clk 0:29:11]} Rc8 {[%clk 0:26:14]}
28. Bxe8 {[%clk 0:28:43]} Qxe8 {[%clk 0:26:42]} 29. Ne4 {[%clk 0:26:00]} Qc6
{[%clk 0:25:18]} 30. Nc5 {[%clk 0:23:38]} Qxf3 {[%clk 0:25:12]} 31. gxf3 {[%clk
0:24:06]} Bxa3 {[%clk 0:25:20]} 32. Na6 {[%clk 0:24:21]} Nf4 {[%clk 0:25:21]}
33. b5 {[%clk 0:24:46]} Bxd3 {[%clk 0:25:44]} 34. Rxd3 {[%clk 0:24:26]} Rc1+
{[%clk 0:26:12]} 0-1

[Event "Deutsche Ländermeisterschaft 2022"]
[Site "Wiesbaden GER"]
[Date "2022.10.02"]
[Round "4"]
[White "Stork, Oliver"]
[Black "Musiolik, David"]
[Result "0-1"]
[Termination "normal"]
[Board "2.2"]
[WhiteTitle "FM"]
[WhiteElo "2315"]
[BlackElo "2252"]
[WhiteClock "00:30:30"]
[BlackClock "00:00:42"]
[WhiteTeam "Hessen"]
[BlackTeam "Rheinland-Pfalz"]
[PlyCount "79"]
[WhiteFideId "12955728"]
[BlackFideId "12972355"]
[EventCountry "GER"]
[EventRounds "7"]
[EventType "team-swiss"]
[EventDate "2022.09.30"]

1. Nf3 {[%clk 1:30:57]} Nf6 {[%clk 1:30:32]} 2. c4 {[%clk 1:31:18]} e6 {[%clk
1:29:55]} 3. b3 {[%clk 1:31:39]} d5 {[%clk 1:30:08]} 4. e3 {[%clk 1:32:00]} Bd6
{[%clk 1:26:51]} 5. Bb2 {[%clk 1:31:22]} O-O {[%clk 1:23:03]} 6. Nc3 {[%clk
1:26:59]} b6 {[%clk 1:21:40]} 7. cxd5 {[%clk 1:05:45]} exd5 {[%clk 1:20:41]} 8.
Nb5 {[%clk 1:05:12]} Be7 {[%clk 1:18:39]} 9. Qc2 {[%clk 1:04:49]} c5 {[%clk
1:16:03]} 10. d4 {[%clk 0:57:55]} Nc6 {[%clk 1:14:18]} 11. Rd1 {[%clk 0:48:31]}
Nb4 {[%clk 1:05:30]} 12. Qb1 {[%clk 0:41:58]} g6 {[%clk 1:05:20]} 13. Bd3
{[%clk 0:40:28]} Nxd3+ {[%clk 1:03:13]} 14. Qxd3 {[%clk 0:40:46]} Bf5 {[%clk
1:02:56]} 15. Qe2 {[%clk 0:40:28]} c4 {[%clk 1:02:13]} 16. Ne5 {[%clk 0:35:24]}
Bb4+ {[%clk 0:57:45]} 17. Bc3 {[%clk 0:32:00]} Bxc3+ {[%clk 0:56:38]} 18. Nxc3
{[%clk 0:32:25]} b5 {[%clk 0:56:03]} 19. bxc4 {[%clk 0:29:52]} dxc4 {[%clk
0:51:10]} 20. O-O {[%clk 0:16:48]} Qa5 {[%clk 0:45:58]} 21. Rc1 {[%clk
0:13:31]} Be6 {[%clk 0:31:06]} 22. Qf3 {[%clk 0:11:35]} Kg7 {[%clk 0:18:40]}
23. d5 {[%clk 0:08:57]} Bd7 {[%clk 0:17:47]} 24. g4 {[%clk 0:09:00]} Qc7 {[%clk
0:16:56]} 25. Nxd7 {[%clk 0:06:07]} Qxd7 {[%clk 0:17:24]} 26. g5 {[%clk
0:06:28]} Ne8 {[%clk 0:16:43]} 27. Rb1 {[%clk 0:06:02]} a6 {[%clk 0:14:46]} 28.
a4 {[%clk 0:05:52]} Rb8 {[%clk 0:14:21]} 29. axb5 {[%clk 0:05:52]} axb5 {[%clk
0:14:49]} 30. Qg3 {[%clk 0:03:59]} Rb7 {[%clk 0:13:10]} 31. Rb4 {[%clk
0:04:05]} f6 {[%clk 0:12:26]} 32. Rfb1 {[%clk 0:03:39]} Nd6 {[%clk 0:12:17]}
33. gxf6+ {[%clk 0:03:50]} Rxf6 {[%clk 0:12:28]} 34. Ne2 {[%clk 0:00:37]} Ne4
{[%clk 0:12:31]} 35. Qe5 {[%clk 0:01:05]} Qg4+ {[%clk 0:08:35]} 36. Ng3 {[%clk
0:01:34]} Nd2 {[%clk 0:04:56]} 37. Qe8 {[%clk 0:01:00]} Nxb1 {[%clk 0:03:22]}
38. Rxb1 {[%clk 0:01:20]} c3 {[%clk 0:02:33]} 39. Rxb5 {[%clk 0:00:32]} Rxb5
{[%clk 0:00:42]} 40. Qxb5 {[%clk 0:30:30]} 0-1

[Event "Deutsche Ländermeisterschaft 2022"]
[Site "Wiesbaden GER"]
[Date "2022.10.02"]
[Round "4"]
[White "Sidletskyi, Ivan"]
[Black "Laux, Dominik"]
[Result "1/2-1/2"]
[Termination "normal"]
[Board "2.3"]
[BlackTitle "FM"]
[WhiteElo "2184"]
[BlackElo "2248"]
[WhiteClock "00:21:45"]
[BlackClock "00:29:46"]
[WhiteTeam "Rheinland-Pfalz"]
[BlackTeam "Hessen"]
[PlyCount "93"]
[WhiteFideId "14156024"]
[BlackFideId "12994219"]
[EventCountry "GER"]
[EventRounds "7"]
[EventType "team-swiss"]
[EventDate "2022.09.30"]

1. e4 {[%clk 1:29:59]} c5 {[%clk 1:30:35]} 2. Nf3 {[%clk 1:29:49]} Nc6 {[%clk
1:30:46]} 3. Nc3 {[%clk 1:28:57]} d6 {[%clk 1:30:14]} 4. d4 {[%clk 1:28:38]}
cxd4 {[%clk 1:30:11]} 5. Nxd4 {[%clk 1:29:01]} Nf6 {[%clk 1:30:24]} 6. g3
{[%clk 1:28:45]} e5 {[%clk 1:28:05]} 7. Nde2 {[%clk 1:28:25]} Be7 {[%clk
1:27:15]} 8. Bg2 {[%clk 1:28:38]} a6 {[%clk 1:21:43]} 9. a4 {[%clk 1:25:58]}
Nb4 {[%clk 1:17:35]} 10. O-O {[%clk 1:17:46]} O-O {[%clk 1:12:56]} 11. b3
{[%clk 1:07:35]} Be6 {[%clk 0:56:33]} 12. Ba3 {[%clk 1:03:49]} a5 {[%clk
0:55:13]} 13. Bb2 {[%clk 1:01:36]} Rc8 {[%clk 0:52:13]} 14. Rc1 {[%clk
0:58:20]} Qb6 {[%clk 0:48:21]} 15. Qd2 {[%clk 0:44:54]} Rfd8 {[%clk 0:46:38]}
16. Nb5 {[%clk 0:39:47]} h6 {[%clk 0:33:22]} 17. c4 {[%clk 0:37:00]} Ng4 {[%clk
0:31:31]} 18. Rc3 {[%clk 0:33:36]} Bg5 {[%clk 0:28:15]} 19. Qe1 {[%clk
0:33:09]} h5 {[%clk 0:26:26]} 20. h3 {[%clk 0:31:40]} Nf6 {[%clk 0:26:22]} 21.
Kh2 {[%clk 0:28:14]} Ne8 {[%clk 0:22:51]} 22. f4 {[%clk 0:24:07]} exf4 {[%clk
0:21:53]} 23. Nxf4 {[%clk 0:14:16]} Bf6 {[%clk 0:19:07]} 24. Nxh5 {[%clk
0:12:00]} Be5 {[%clk 0:19:29]} 25. Nf4 {[%clk 0:08:12]} Nc7 {[%clk 0:18:53]}
26. Qd2 {[%clk 0:06:51]} Nxb5 {[%clk 0:17:00]} 27. axb5 {[%clk 0:07:12]} Qd4
{[%clk 0:12:56]} 28. Rc2 {[%clk 0:05:05]} Qb6 {[%clk 0:12:28]} 29. Rcc1 {[%clk
0:04:52]} Bxb2 {[%clk 0:12:03]} 30. Qxb2 {[%clk 0:05:17]} Qc5 {[%clk 0:11:50]}
31. Rfd1 {[%clk 0:04:32]} Rc7 {[%clk 0:06:25]} 32. Bf1 {[%clk 0:04:08]} Rcd7
{[%clk 0:06:12]} 33. Qd4 {[%clk 0:03:45]} b6 {[%clk 0:04:50]} 34. Nd5 {[%clk
0:03:00]} Qxd4 {[%clk 0:04:17]} 35. Rxd4 {[%clk 0:03:24]} Bxd5 {[%clk 0:04:33]}
36. cxd5 {[%clk 0:03:39]} Re7 {[%clk 0:03:25]} 37. h4 {[%clk 0:02:21]} g6
{[%clk 0:03:03]} 38. g4 {[%clk 0:01:55]} Kg7 {[%clk 0:03:13]} 39. g5 {[%clk
0:01:04]} Rde8 {[%clk 0:02:00]} 40. Rcc4 {[%clk 0:00:56]} Kf8 {[%clk 0:01:35]}
41. Kg3 {[%clk 0:28:02]} Kg7 {[%clk 0:31:06]} 42. Bh3 {[%clk 0:26:32]} Kh7
{[%clk 0:30:41]} 43. Bg4 {[%clk 0:23:40]} Kg7 {[%clk 0:31:00]} 44. Kf3 {[%clk
0:21:48]} Rh8 {[%clk 0:30:21]} 45. Kg3 {[%clk 0:22:04]} Rhe8 {[%clk 0:29:59]}
46. Kf3 {[%clk 0:21:32]} Rh8 {[%clk 0:29:46]} 47. Kg3 {[%clk 0:21:45]} 1/2-1/2

[Event "Deutsche Ländermeisterschaft 2022"]
[Site "Wiesbaden GER"]
[Date "2022.10.02"]
[Round "4"]
[White "Hagner, Bennet"]
[Black "Mader, Fabian"]
[Result "1-0"]
[Termination "normal"]
[Board "2.4"]
[WhiteElo "2253"]
[BlackElo "1735"]
[WhiteClock "01:02:07"]
[BlackClock "00:59:34"]
[WhiteTeam "Hessen"]
[BlackTeam "Rheinland-Pfalz"]
[PlyCount "69"]
[WhiteFideId "16224477"]
[BlackFideId "16265866"]
[EventCountry "GER"]
[EventRounds "7"]
[EventType "team-swiss"]
[EventDate "2022.09.30"]

1. e4 {[%clk 1:30:58]} c5 {[%clk 1:30:51]} 2. Nf3 {[%clk 1:31:20]} Nc6 {[%clk
1:31:12]} 3. d4 {[%clk 1:31:45]} cxd4 {[%clk 1:31:35]} 4. Nxd4 {[%clk 1:32:11]}
Nf6 {[%clk 1:31:57]} 5. Nc3 {[%clk 1:32:37]} e5 {[%clk 1:32:19]} 6. Ndb5 {[%clk
1:33:00]} d6 {[%clk 1:32:44]} 7. Bg5 {[%clk 1:33:24]} a6 {[%clk 1:33:07]} 8.
Na3 {[%clk 1:33:49]} b5 {[%clk 1:33:33]} 9. Nd5 {[%clk 1:34:13]} Be7 {[%clk
1:33:59]} 10. Bxf6 {[%clk 1:34:37]} Bxf6 {[%clk 1:34:25]} 11. c3 {[%clk
1:35:00]} Rb8 {[%clk 1:34:36]} 12. Nc2 {[%clk 1:34:51]} Bg5 {[%clk 1:34:45]}
13. a4 {[%clk 1:34:54]} bxa4 {[%clk 1:34:52]} 14. Ncb4 {[%clk 1:35:08]} Nxb4
{[%clk 1:34:40]} 15. cxb4 {[%clk 1:35:31]} O-O {[%clk 1:34:34]} 16. Rxa4 {[%clk
1:33:30]} a5 {[%clk 1:33:59]} 17. h4 {[%clk 1:33:00]} Bh6 {[%clk 1:34:00]} 18.
b5 {[%clk 1:32:42]} Bd7 {[%clk 1:32:56]} 19. Nc3 {[%clk 1:32:44]} d5 {[%clk
1:29:06]} 20. exd5 {[%clk 1:31:45]} e4 {[%clk 1:28:02]} 21. Rxe4 {[%clk
1:31:40]} f5 {[%clk 1:28:04]} 22. Rd4 {[%clk 1:31:09]} Re8+ {[%clk 1:28:15]}
23. Be2 {[%clk 1:31:33]} Rxb5 {[%clk 1:27:06]} 24. O-O {[%clk 1:29:57]} Rxb2
{[%clk 1:25:23]} 25. Bc4 {[%clk 1:29:05]} Kh8 {[%clk 1:24:13]} 26. d6 {[%clk
1:20:13]} f4 {[%clk 1:17:27]} 27. Na4 {[%clk 1:09:22]} Bxa4 {[%clk 1:12:04]}
28. Qxa4 {[%clk 1:09:50]} Rb4 {[%clk 1:05:22]} 29. Qxe8+ {[%clk 1:02:07]} Qxe8
{[%clk 1:05:40]} 30. d7 {[%clk 1:02:35]} Qd8 {[%clk 1:04:54]} 31. Re1 {[%clk
1:03:00]} Rb8 {[%clk 1:03:40]} 32. Bb5 {[%clk 1:01:44]} g6 {[%clk 0:59:44]} 33.
Re8+ {[%clk 1:01:41]} Kg7 {[%clk 0:59:12]} 34. Rxd8 {[%clk 1:01:41]} Rxd8
{[%clk 0:59:34]} 35. Re4 {[%clk 1:02:07]} 1-0

[Event "Deutsche Ländermeisterschaft 2022"]
[Site "Wiesbaden GER"]
[Date "2022.10.02"]
[Round "4"]
[White "Yue, Qizhou"]
[Black "Buchinger, Alexis"]
[Result "1/2-1/2"]
[Termination "normal"]
[Board "2.5"]
[WhiteElo "1711"]
[BlackElo "1802"]
[WhiteClock "00:10:15"]
[BlackClock "00:10:42"]
[WhiteTeam "Rheinland-Pfalz"]
[BlackTeam "Hessen"]
[PlyCount "108"]
[WhiteFideId "16273800"]
[BlackFideId "16287134"]
[EventCountry "GER"]
[EventRounds "7"]
[EventType "team-swiss"]
[EventDate "2022.09.30"]

1. e4 {[%clk 1:30:30]} e5 {[%clk 1:30:46]} 2. Nf3 {[%clk 1:30:37]} Nc6 {[%clk
1:31:08]} 3. d4 {[%clk 1:31:01]} exd4 {[%clk 1:31:30]} 4. Nxd4 {[%clk 1:31:18]}
Nf6 {[%clk 1:31:01]} 5. Nxc6 {[%clk 1:31:34]} bxc6 {[%clk 1:31:27]} 6. e5
{[%clk 1:31:53]} Qe7 {[%clk 1:31:35]} 7. Qe2 {[%clk 1:32:13]} Nd5 {[%clk
1:32:01]} 8. h4 {[%clk 1:32:26]} a5 {[%clk 1:31:32]} 9. c4 {[%clk 1:29:19]} Ba6
{[%clk 1:29:46]} 10. Nd2 {[%clk 1:17:27]} h6 {[%clk 1:22:25]} 11. Qe4 {[%clk
1:11:18]} Nb6 {[%clk 1:20:57]} 12. Bd3 {[%clk 1:04:31]} Rb8 {[%clk 1:19:15]}
13. b3 {[%clk 1:02:30]} Bb7 {[%clk 1:14:01]} 14. Bb2 {[%clk 0:51:11]} d5 {[%clk
0:56:35]} 15. Qg4 {[%clk 0:46:51]} Bc8 {[%clk 0:55:46]} 16. Qg3 {[%clk
0:42:14]} Be6 {[%clk 0:48:31]} 17. cxd5 {[%clk 0:40:38]} cxd5 {[%clk 0:48:19]}
18. O-O {[%clk 0:37:22]} g5 {[%clk 0:38:58]} 19. h5 {[%clk 0:36:47]} Bg7 {[%clk
0:38:44]} 20. f4 {[%clk 0:36:11]} Rg8 {[%clk 0:32:12]} 21. f5 {[%clk 0:36:02]}
Bd7 {[%clk 0:32:18]} 22. Rac1 {[%clk 0:30:08]} Qd8 {[%clk 0:31:38]} 23. Ba3
{[%clk 0:26:49]} c6 {[%clk 0:30:20]} 24. f6 {[%clk 0:25:28]} Bf8 {[%clk
0:30:36]} 25. Bxf8 {[%clk 0:25:23]} Kxf8 {[%clk 0:27:26]} 26. e6 {[%clk
0:21:54]} Bxe6 {[%clk 0:23:50]} 27. Rxc6 {[%clk 0:22:10]} Rc8 {[%clk 0:21:35]}
28. Rxc8 {[%clk 0:22:18]} Nxc8 {[%clk 0:21:37]} 29. Kh1 {[%clk 0:17:28]} g4
{[%clk 0:18:42]} 30. Qe3 {[%clk 0:11:12]} Rg5 {[%clk 0:18:35]} 31. Bg6 {[%clk
0:06:56]} fxg6 {[%clk 0:15:28]} 32. Qxe6 {[%clk 0:06:44]} Rxh5+ {[%clk
0:15:46]} 33. Kg1 {[%clk 0:07:06]} Qb6+ {[%clk 0:15:56]} 34. Qxb6 {[%clk
0:07:28]} Nxb6 {[%clk 0:16:24]} 35. Rf4 {[%clk 0:06:58]} Rf5 {[%clk 0:15:57]}
36. Rxg4 {[%clk 0:06:58]} Rxf6 {[%clk 0:16:22]} 37. Nf3 {[%clk 0:06:22]} Ke7
{[%clk 0:16:03]} 38. Kf2 {[%clk 0:05:43]} Kd6 {[%clk 0:15:57]} 39. Ke3 {[%clk
0:05:21]} g5 {[%clk 0:11:09]} 40. Kd4 {[%clk 0:02:55]} Nc8 {[%clk 0:08:15]} 41.
Ke3 {[%clk 0:30:19]} Ne7 {[%clk 0:36:39]} 42. Ra4 {[%clk 0:30:02]} Nc6 {[%clk
0:37:00]} 43. g3 {[%clk 0:25:22]} Kc5 {[%clk 0:33:13]} 44. a3 {[%clk 0:23:15]}
Rf7 {[%clk 0:29:10]} 45. Ne1 {[%clk 0:19:23]} Re7+ {[%clk 0:26:11]} 46. Kd2
{[%clk 0:19:29]} Re4 {[%clk 0:23:47]} 47. Nd3+ {[%clk 0:18:56]} Kb5 {[%clk
0:19:24]} 48. Rxe4 {[%clk 0:16:31]} dxe4 {[%clk 0:19:48]} 49. Nf2 {[%clk
0:16:28]} Nd4 {[%clk 0:20:12]} 50. b4 {[%clk 0:14:29]} a4 {[%clk 0:13:47]} 51.
Nxe4 {[%clk 0:14:35]} Kc4 {[%clk 0:13:11]} 52. Nc5 {[%clk 0:14:26]} Nb5 {[%clk
0:10:24]} 53. Nxa4 {[%clk 0:14:06]} Nxa3 {[%clk 0:10:50]} 54. Ke2 {[%clk
0:10:15]} Kxb4 {[%clk 0:10:42]} 1/2-1/2